[Event "Challenge"]
[Site "http://www.queenalice.com/game.php?id=1449605"]
[Date "2016.11.12"]
[Round "-"]
[White "zugzwangskie"]
[Black "Marquinhos"]
[Result "0-1"]
[WhiteElo "1761"]
[BlackElo "2512"]

1. e4 e5 2. Nf3 Nc6 3. Bc4 Nf6 4. d3 Be7 5. O-O d6 6. a4 O-O 7. Re1 Be6 8. Nbd2
Bxc4 9. Nxc4 Nd7 10. Ne3 Re8 0-1

[Event "Challenge"]
[Site "http://www.queenalice.com/game.php?id=1453142"]
[Date "2016.12.3"]
[Round "-"]
[White "Marquinhos"]
[Black "RafaelCabral"]
[Result "1-0"]
[WhiteElo "2504"]
[BlackElo "2109"]

1. d4 Nf6 2. Nf3 g6 3. c4 d5 4. Nc3 Bg7 5. Bg5 c6 6. e3 O-O 7. Be2 dxc4 8. Bxc4
c5 9. O-O cxd4 10. Nxd4 Qc7 11. Qe2 Bg4 12. f3 Bd7 13. Rac1 Nc6 14. Nxc6 Bxc6
15. e4 e6 16. Rfd1 Rfd8 17. Rxd8+ Qxd8 18. Bb5 Qa5 19. Bxc6 Qxg5 20. f4 Qc5+ 21.
Kh1 1-0

[Event "Challenge"]
[Site "http://www.queenalice.com/game.php?id=1453150"]
[Date "2016.12.3"]
[Round "-"]
[White "zugzwangskie"]
[Black "Marquinhos"]
[Result "1-0"]
[WhiteElo "2012"]
[BlackElo "2513"]

1. e4 e5 2. Nf3 Nc6 3. Bc4 Nf6 4. d3 Be7 5. O-O d6 6. a4 O-O 7. Re1 Be6 8. Nbd2
Qd7 9. c3 h6 10. b4 Nd8 11. d4 exd4 12. Nxd4 1-0

[Event "Challenge"]
[Site "http://www.queenalice.com/game.php?id=1459952"]
[Date "2017.1.17"]
[Round "-"]
[White "Cacmathias"]
[Black "Marquinhos"]
[Result "0-1"]
[WhiteElo "2231"]
[BlackElo "2498"]

1. d4 Nf6 2. c4 g6 3. g3 Bg7 4. Bg2 O-O 5. Nf3 d6 6. O-O Nbd7 7. Nc3 Re8 8. b3
e5 9. Qc2 exd4 10. Nxd4 Nc5 11. Rd1 a5 12. e4 c6 13. f3 Nfd7 14. Be3 f5 15. Rab1
fxe4 16. fxe4 Qe7 17. Nde2 Nf6 18. Bxc5 dxc5 19. Re1 Ng4 20. Nd1 Qg5 21. h3 Ne5
22. Nf2 Rf8 23. Rbd1 Qe3 24. Rf1 a4 25. Qd2 Bh6 26. Qxe3 Bxe3 27. Nc3 axb3 28.
axb3 Ra3 29. Rb1 Nd3 30. Nd1 Bd4 31. Kh2 Nxf2 32. Nxf2 Bxf2 33. Rb2 Bd4 34. Rbb1
Rxf1 35. Bxf1 Ra1 36. Rxa1 Bxa1 37. Bg2 Kf7 38. Bf3 Kf6 39. g4 Ke5 40. Kg3 g5
41. Kf2 Kf4 42. Kg2 Be6 43. Bd1 Bf7 44. Bc2 Bg6 45. Kf2 Bxe4 46. Bxe4 Kxe4 47.
Ke2 b5 0-1

[Event "Challenge"]
[Site "http://www.queenalice.com/game.php?id=1459953"]
[Date "2017.1.17"]
[Round "-"]
[White "Marquinhos"]
[Black "Cacmathias"]
[Result "1-0"]
[WhiteElo "2501"]
[BlackElo "2227"]

1. e4 c5 2. Nf3 e6 3. d4 cxd4 4. Nxd4 Nc6 5. Nc3 a6 6. Be3 Nf6 7. Be2 Bb4 8. O-O
Bxc3 9. Nxc6 dxc6 10. Qxd8+ Kxd8 11. Rfd1+ Bd7 12. bxc3 Nxe4 13. Rd3 Kc7 14. Bf3
Nf6 15. Bf4+ Kc8 16. Be5 a5 17. Rad1 Rd8 18. a4 Ne8 19. Bh5 g6 20. Be2 c5 21.
R3d2 Nc7 22. Bf3 Nd5 23. c4 Nb6 24. Rb1 Ra6 25. Bf6 Rg8 26. Bxb7+ Kxb7 27. Rxd7+
Ka8 28. Rxf7 h5 29. Rb5 Nxa4 30. Rfb7 Rf8 31. Bg7 Rd8 32. f4 h4 33. Be5 h3 34.
gxh3 Rg8 35. Kf2 Rc8 36. Kf3 Rg8 37. Kg4 Rc6 38. Kg5 Ra6 39. h4 Rc6 40. Rb1 Ra6
41. Rb8+ Rxb8 42. Rxb8+ Ka7 43. Kxg6 Nb6 44. Rd8 a4 45. h5 Nxc4 46. h6 Nxe5+ 47.
fxe5 a3 48. h7 a2 49. h8=Q a1=Q 50. Ra8+ Kb6 51. Qd8+ Kb5 52. Rb8+ Ka4 53. Qd7+
1-0

[Event "Challenge"]
[Site "http://www.queenalice.com/game.php?id=1464744"]
[Date "2017.2.15"]
[Round "-"]
[White "zugzwangskie"]
[Black "Marquinhos"]
[Result "0-1"]
[WhiteElo "2170"]
[BlackElo "2505"]

1. e4 e5 2. Nf3 Nc6 3. Bc4 Nf6 4. d3 Be7 5. O-O d6 6. a4 O-O 7. Re1 Be6 8. Bxe6
fxe6 9. c3 Qd7 10. b4 a6 11. Nbd2 Nh5 12. Nc4 Nf4 13. Bxf4 Rxf4 14. b5 Nd8 15.
bxa6 Rxa6 16. Qb3 Rf8 17. a5 Ra7 18. d4 Nf7 19. dxe5 Ng5 20. Nxg5 Bxg5 21. exd6
cxd6 0-1

[Event "Challenge"]
[Site "http://www.queenalice.com/game.php?id=1524346"]
[Date "2018.4.20"]
[Round "-"]
[White "Marquinhos"]
[Black "shogun"]
[Result "0-1"]
[WhiteElo "2506"]
[BlackElo "2535"]

1. d4 Nc6 2. e4 Nf6 3. e5 Nd5 4. c4 Nb6 5. d5 Nxe5 6. c5 Nbc4 7. Qd4 b5 8. cxb6
c5 9. Qc3 Qxb6 10. f4 Qg6 11. fxe5 Qe4+ 12. Be2 Nxe5 13. Nf3 Nxf3+ 14. Qxf3 Qxf3
15. Bxf3 Rb8 16. Na3 g6 17. Bf4 d6 18. b3 Bg7 19. O-O-O h5 20. Nc4 Bf6 21. Rhe1
O-O 22. Na5 Rb4 23. Bd2 Rb6 24. Nc6 Re8 25. Ba5 Rb7 26. Be2 Bf5 27. h3 Bh4 28.
Rf1 Be4 29. Bf3 Bxf3 0-1

[Event "Challenge"]
[Site "http://www.queenalice.com/game.php?id=1524458"]
[Date "2018.4.22"]
[Round "-"]
[White "Marquinhos"]
[Black "shogun"]
[Result "0-1"]
[WhiteElo "2499"]
[BlackElo "2534"]

1. d4 Nc6 2. e4 Nf6 3. d5 Ne5 4. f4 Ng6 5. e5 Ng8 6. Nf3 e6 7. dxe6 fxe6 8. Bd3
Bb4+ 9. c3 Be7 10. Bxg6+ hxg6 11. Qd3 Nh6 12. Qxg6+ Kf8 13. Qd3 d5 14. Be3 Nf5
15. Bf2 Qe8 16. Nbd2 Qa4 17. g3 b6 18. b3 Qa6 19. Qxa6 Bxa6 20. g4 Nh4 21. Nxh4
Bxh4 22. Bxh4 Rxh4 23. h3 Bb7 24. Nf3 Rh8 25. Kf2 Rd8 26. Ng5 Ke7 27. Rhd1 c5
0-1

[Event "Challenge"]
[Site "http://www.queenalice.com/game.php?id=1528151"]
[Date "2018.5.22"]
[Round "-"]
[White "Marquinhos"]
[Black "shogun"]
[Result "1-0"]
[WhiteElo "2510"]
[BlackElo "2529"]

1. e4 Nf6 2. e5 Nd5 3. Nc3 Nxc3 4. bxc3 d6 5. exd6 cxd6 6. d4 g6 7. Nf3 Bg7 8.
Be3 O-O 9. Qd2 e5 10. Be2 e4 11. Ng5 d5 12. h4 Nc6 13. h5 h6 14. Nxe4 dxe4 15.
hxg6 Qf6 16. Bxh6 Qxg6 17. Bxg7 Qxg7 18. Rh5 Ne7 19. O-O-O Be6 20. f3 Bxa2 21.
fxe4 Ng6 22. Rdh1 Rac8 23. e5 Rc6 24. Bb5 Rc7 25. Bd3 Rfc8 26. Kb2 Bd5 27. Bxg6
fxg6 28. Rh8+ Qxh8 29. Rxh8+ Kxh8 30. Qh6+ Kg8 31. Qxg6+ Rg7 32. Qd6 Bc4 33. d5
Re8 34. Qc5 b5 35. e6 a6 36. Ka3 a5 37. Qd6 a4 38. Qe5 Rh7 39. g4 Rg7 40. Qf5
Rd8 41. Qe4 Re8 42. Qf5 Ree7 43. Qh5 Be2 44. Qh2 Bxg4 45. Qb8+ Kh7 46. Qxb5 Bxe6
47. dxe6 Rxe6 48. Kxa4 Re1 49. Ka3 Rgg1 50. Qh5+ Kg7 51. c4 Re3+ 52. Kb4 Rb1+
53. Kc5 Rbe1 54. Kd4 Re4+ 55. Kd5 R4e2 56. Qf5 Rd2+ 57. Kc6 Rde2 58. c5 Re5 59.
Qf3 R1e2 60. Kd6 Re6+ 61. Kd5 R2e5+ 62. Kd4 Re7 63. Qg4+ Kf6 64. c6 Rf5 65. c4
Rc7 66. Qh4+ Ke6 67. Qe4+ Kf6 68. Qe8 Kg7 69. Qd8 Rff7 70. Kc5 Rce7 71. Kd6 Re4
72. c7 Rxc4 73. c8=Q Rxc8 74. Qxc8 Kf6 75. Qe6+ Kg7 76. Qe5+ Kg6 77. Ke6 Rg7 78.
Qf5+ Kh6 79. Qh3+ Kg5 80. Qh8 Rg6+ 81. Kf7 Rh6 82. Qg7+ Kh5 83. Qg3 Ra6 84. Qe5+
Kh4 85. Qd4+ Kg5 86. Qc5+ Kh6 87. Qe3+ 1-0

[Event "Challenge"]
[Site "http://www.queenalice.com/game.php?id=1528152"]
[Date "2018.5.22"]
[Round "-"]
[White "Marquinhos"]
[Black "shogun"]
[Result "1-0"]
[WhiteElo "2501"]
[BlackElo "2537"]

1. e4 Nc6 2. d4 d6 3. Be3 Nf6 4. f3 g6 5. c4 Bg7 6. Nc3 O-O 7. Bd3 e5 8. d5 Nd4
9. Nge2 Nh5 10. Qd2 c5 11. dxc6 bxc6 12. O-O Rb8 13. b3 Qc7 14. Rad1 Ne6 15. Bb1
Rd8 16. Na4 Ba6 17. Rfe1 Rb7 18. Qc1 Qa5 19. Nb2 Rbd7 20. Nd3 d5 21. b4 Qc7 22.
cxd5 cxd5 23. exd5 Rxd5 24. Qxc7 Nxc7 25. Nc3 Rxd3 26. Bxd3 Bxd3 27. Bxa7 Ne6
28. g3 f5 29. Re3 Bc4 30. Rxd8+ Nxd8 31. b5 Kf7 32. a4 Ne6 33. Nb1 f4 34. Rc3
Ba2 35. g4 Nf6 36. Nd2 Bf8 37. a5 Bb4 38. Rc2 Bd5 39. a6 Bxd2 40. Rxd2 Bxf3 41.
Rc2 Ng5 42. b6 Ne6 43. b7 Nd7 44. Rd2 Nb8 45. Bxb8 Nc5 46. Bxe5 Nxa6 47. Bxf4
Bc6 48. b8=Q Nxb8 49. Bxb8 Bb5 50. Kf2 Kg7 51. Rd6 h5 52. g5 Ba4 53. Rf6 Bb5 54.
Bd6 1-0

[Event "Challenge"]
[Site "http://www.queenalice.com/game.php?id=1543666"]
[Date "2018.9.26"]
[Round "-"]
[White "Marquinhos"]
[Black "arvo1938"]
[Result "1-0"]
[WhiteElo "2492"]
[BlackElo "2536"]

1. e4 Nf6 2. e5 Nd5 3. Bc4 Nb6 4. Bb3 d5 5. d4 Bf5 6. Ne2 e6 7. Be3 c5 8. c3 Nc6
9. O-O Be7 10. dxc5 Nd7 11. Nd4 Nxd4 12. cxd4 O-O 13. Nc3 Bg5 14. f4 Be7 15. g4
Be4 16. Nxe4 dxe4 17. Qc2 Qc7 18. Qxe4 a5 19. f5 a4 20. Bc4 Nxc5 21. dxc5 Bxc5
22. Rac1 Qc6 23. Qf4 Rad8 24. Be2 Bxe3+ 25. Qxe3 Qd7 26. Rcd1 Qc8 27. f6 Rxd1
28. Qg5 Rxf1+ 29. Kxf1 g6 30. Qh6 Qc1+ 31. Qxc1 Rc8 32. Qxc8# 1-0

[Event "Argentina"]
[Site "http://www.queenalice.com/game.php?id=1550861"]
[Date "2018.11.27"]
[Round "-"]
[White "Marquinhos"]
[Black "aledibattista"]
[Result "1-0"]
[WhiteElo "2518"]
[BlackElo "2259"]

1. d4 f5 2. Nf3 Nf6 3. c4 g6 4. g3 Bg7 5. Bg2 O-O 6. Nc3 d6 7. O-O c6 8. Re1 Re8
9. e4 fxe4 10. Nxe4 Nxe4 11. Rxe4 Bf5 12. Re1 Qc7 13. Bf4 e5 14. c5 dxc5 15.
Nxe5 Qb6 16. Nc4 Rxe1+ 17. Qxe1 Qd8 18. Nd6 Nd7 19. Nxf5 gxf5 20. Qe6+ Kh8 21.
d5 Nf8 22. Qxf5 cxd5 23. Bxd5 Qe7 24. Bg5 Qc7 25. Re1 Ng6 26. h4 Rf8 27. Qe6 Bd4
28. Kh1 Qg7 29. h5 Bxf2 30. Re2 Bxg3 31. hxg6 hxg6 32. Kg2 Bb8 33. Qh3+ Qh7 34.
Bf6+ Rxf6 35. Re8+ Kg7 36. Re7+ Kf8 37. Qxh7 1-0

[Event "Argentina"]
[Site "http://www.queenalice.com/game.php?id=1551608"]
[Date "2018.12.3"]
[Round "-"]
[White "aledibattista"]
[Black "Marquinhos"]
[Result "0-1"]
[WhiteElo "2275"]
[BlackElo "2521"]

1. Nf3 d5 2. g3 Nf6 3. Bg2 c5 4. O-O Nc6 5. d3 e5 6. c3 Be7 7. Qc2 O-O 8. e4 d4
9. Bg5 h6 10. Bxf6 Bxf6 11. cxd4 cxd4 12. a3 Be6 13. Nbd2 Rc8 14. Qd1 Qb6 15. b3
Qa6 16. Qe2 Na5 17. b4 Nb3 18. Nxb3 Bxb3 19. Qb2 Qxd3 20. Rac1 Ba4 21. Ne1 Qa6
22. Bh3 Rxc1 23. Qxc1 Bb5 24. Nf3 Bxf1 25. Bxf1 Qc6 26. Qxc6 bxc6 27. Bd3 Re8
28. h4 Bd8 29. Kf1 a5 30. b5 cxb5 31. Bxb5 Re7 32. a4 g6 33. Ke2 f6 34. Nd2 Kg7
35. Kd3 h5 36. Nc4 Bc7 37. Bc6 Kh6 38. Nd2 g5 39. Nf3 Bd6 40. Bb5 Bb4 41. hxg5+
fxg5 42. Bc4 Kg6 43. Bd5 Kf6 44. Bc4 Rc7 45. g4 h4 46. Ng1 Be1 47. f3 Bf2 48.
Nh3 Be3 49. Bb5 Rc1 50. Bd7 Rh1 51. Nxg5 Kxg5 0-1

[Event "Challenge"]
[Site "http://www.queenalice.com/game.php?id=1583878"]
[Date "2019.9.18"]
[Round "-"]
[White "danielglowinski"]
[Black "Marquinhos"]
[Result "0-1"]
[WhiteElo "2473"]
[BlackElo "2533"]

1. e4 e5 2. Nf3 Nc6 3. Bb5 a6 4. Bxc6 dxc6 5. O-O f6 6. d4 exd4 7. Qxd4 Qxd4 8.
Nxd4 Bd7 9. Be3 O-O-O 10. Rd1 Ne7 11. Nb3 b6 12. a4 a5 13. Na3 Ng6 14. Nc4 Be6
15. Rxd8+ Kxd8 16. Nbd2 Be7 17. f4 f5 18. g4 fxg4 19. f5 Bxc4 20. Nxc4 Nh4 21.
Bf2 Nf3+ 22. Kg2 Re8 23. h3 Ng5 24. Rd1+ Kc8 25. hxg4 Nxe4 26. Be3 Bc5 27. Rd3
h6 28. Kf3 Bxe3 29. Rxe3 Ng5+ 30. Kf4 Rxe3 31. Nxe3 Kd7 32. b4 axb4 33. Ng2 c5
34. Ke3 Nh7 35. Kf3 Kd6 36. Nf4 Nf6 37. Nd3 Kd5 38. Nf4+ Kc4 39. Ke2 Kc3 40. Kd1
b3 41. cxb3 Nxg4 42. Ne6 Ne3+ 43. Ke2 Nxf5 44. Nxc7 Kxb3 45. Nd5 Kxa4 46. Nxb6+
Kb3 47. Kd3 h5 48. Ke4 h4 49. Kxf5 h3 0-1

[Event "Ale7"]
[Site "http://www.queenalice.com/game.php?id=1585043"]
[Date "2019.9.29"]
[Round "-"]
[White "Marquinhos"]
[Black "aledibattista"]
[Result "1-0"]
[WhiteElo "2530"]
[BlackElo "2248"]

1. d4 Nf6 2. Nf3 g6 3. c4 Bg7 4. Nc3 O-O 5. e4 d6 6. Be2 e5 7. O-O exd4 8. Nxd4
Nc6 9. Bg5 h6 10. Be3 Nxd4 11. Bxd4 c5 12. Be3 Qe7 13. f3 Rd8 14. Qd2 Kh7 15.
Rad1 b6 16. Rfe1 Bb7 17. Bf1 a6 18. Bf2 Qc7 19. Bg3 Ne8 20. Kh1 Bd4 21. Bd3 Be5
22. f4 Bf6 23. e5 dxe5 24. fxe5 Bg5 25. Qf2 Bc6 26. e6 Nd6 27. h4 Be7 28. Qxf7+
Nxf7 29. Bxc7 Nd6 30. Bxd8 Rxd8 31. h5 Nf5 32. hxg6+ Kxg6 33. Bxf5+ Kxf5 34.
Rxd8 Bxd8 35. e7 Bxe7 36. Rxe7 1-0

[Event "Challenge"]
[Site "http://www.queenalice.com/game.php?id=1588543"]
[Date "2019.10.31"]
[Round "-"]
[White "Marquinhos"]
[Black "bobrich18"]
[Result "1-0"]
[WhiteElo "2524"]
[BlackElo "2409"]

1. d4 Nf6 2. Nf3 d5 3. c4 c6 4. Nc3 e6 5. Bg5 Nbd7 6. e3 Qa5 7. Nd2 Bb4 8. Qc2
O-O 9. Be2 e5 10. dxe5 Ne4 11. Ndxe4 dxe4 12. O-O Bxc3 13. Qxc3 Qxc3 14. bxc3
Nxe5 15. c5 Ng6 16. Rfd1 Bf5 17. Rab1 h6 18. Bf4 Nxf4 19. exf4 Rab8 20. g4 Bc8
21. f5 h5 22. h3 Re8 23. Rd6 hxg4 24. hxg4 Kf8 25. Kg2 e3 26. f4 b5 27. Bf3 Bb7
28. Rd7 Re7 29. Rxe7 Kxe7 30. Re1 Rd8 31. Rd1 Re8 32. Kf1 Rh8 33. Re1 Kd7 34.
Rxe3 a5 35. a3 Rh2 36. Re2 Rh8 37. Kg2 Re8 38. Rxe8 Kxe8 39. Be4 Kd7 40. Kg3 Kc7
41. Kh4 Kd7 42. g5 Ke7 43. Kg4 Ba8 44. f6+ gxf6 45. Kf5 fxg5 46. fxg5 Bb7 47.
Ke5 Ba8 48. Bg2 Bb7 49. Bf3 Ba8 50. Bh5 Bb7 51. Bxf7 Kxf7 52. Kd6 a4 53. Kc7 Ba6
54. Kxc6 Kg6 55. Kb6 Bc8 56. c6 Kxg5 57. Kxb5 Kf6 58. Kxa4 Bg4 59. Kb5 Ke7 60.
Kb6 Bf3 61. c4 1-0

[Event "Argentina"]
[Site "http://www.queenalice.com/game.php?id=1600224"]
[Date "2020.2.21"]
[Round "-"]
[White "Marquinhos"]
[Black "aledibattista"]
[Result "1-0"]
[WhiteElo "2532"]
[BlackElo "2192"]

1. d4 g6 2. e4 Bg7 3. Nc3 d6 4. Be3 Nf6 5. Qd2 O-O 6. f3 c6 7. h4 h5 8. O-O-O b5
9. Kb1 a5 10. e5 b4 11. exf6 bxc3 12. fxe7 Qxe7 13. Qxc3 Be6 14. Ne2 Nd7 15. Bg5
f6 16. Bf4 Rfc8 17. Qa3 Bf8 18. Bc1 Qd8 19. Nf4 Bf7 20. g4 Qb6 21. gxh5 gxh5 22.
Rg1+ Kh8 23. Ng6+ Bxg6 24. Rxg6 Re8 25. Qd3 Re7 26. Qf5 Bg7 27. Qxh5+ Kg8 28.
Bc4+ d5 29. Bxd5+ cxd5 30. Qxd5+ Kh7 31. Rxg7+ Rxg7 32. Qxa8 Nb8 33. Qe4+ Kh8
34. Qe8+ Kh7 35. d5 Nd7 36. h5 Ne5 37. f4 Nc4 38. Qe4+ 1-0

[Event "Apertura"]
[Site "http://www.queenalice.com/game.php?id=1622917"]
[Date "2020.8.6"]
[Round "-"]
[White "aledibattista"]
[Black "Marquinhos"]
[Result "0-1"]
[WhiteElo "2182"]
[BlackElo "2543"]

1. e4 e5 2. Nf3 Nc6 3. Bb5 a6 4. Bxc6 dxc6 5. d4 exd4 6. Qxd4 Bg4 7. Nbd2 Qxd4
8. Nxd4 O-O-O 9. N4f3 Re8 10. O-O Nf6 11. Re1 Bc5 12. Rb1 Bxf3 13. gxf3 Nh5 14.
Nb3 Bd6 15. Be3 f5 16. Bd4 fxe4 17. fxe4 Re7 18. Rbd1 Rd8 19. c3 b6 20. f3 Red7
21. Rc1 c5 22. Be3 Bf4 23. Kf2 g6 24. Rc2 Bxh2 25. Kg2 Bf4 26. Bf2 c4 27. Nd4 c5
28. Ne6 Rd2 29. Rec1 R8d6 30. Nxf4 Nxf4+ 31. Kf1 Rxc2 32. Rxc2 Rd3 33. Bg1 Rxf3+
34. Ke1 Kd7 35. b4 cxb4 36. cxb4 b5 37. Bc5 Ke6 38. Rh2 h5 39. Kd2 Ke5 40. Kc2
Kxe4 41. Rh1 g5 42. Bd6 h4 43. Re1+ Re3 44. Rg1 Re2+ 45. Kb1 c3 46. Bxf4 Kxf4
47. a3 h3 48. a4 g4 49. axb5 axb5 50. Kc1 g3 51. Kd1 Ra2 52. Rf1+ Rf2 53. Re1 g2
0-1

[Event "Challenge"]
[Site "http://www.queenalice.com/game.php?id=1638524"]
[Date "2021.1.1"]
[Round "-"]
[White "TheWatcher"]
[Black "Marquinhos"]
[Result "0-1"]
[WhiteElo "2239"]
[BlackElo "2540"]

1. e4 e5 2. Nf3 Nc6 3. Bc4 Nf6 4. Nc3 Bb4 5. Qe2 d6 6. h3 O-O 7. O-O Na5 8. Nd5
Nxc4 9. Nxf6+ Qxf6 10. Qxc4 Bc5 11. Rd1 Bxh3 12. c3 Qg6 13. Qf1 Bg4 14. Qd3 f5
15. Re1 Bxf3 16. Qxf3 fxe4 0-1

[Event "Challenge"]
[Site "http://www.queenalice.com/game.php?id=1645956"]
[Date "2021.3.7"]
[Round "-"]
[White "shogun"]
[Black "Marquinhos"]
[Result "1/2-1/2"]
[WhiteElo "2591"]
[BlackElo "2544"]

1. e4 e5 2. Nf3 Nc6 3. Bb5 a6 4. Ba4 Nf6 5. O-O Be7 6. d4 exd4 7. e5 Ne4 8. Nxd4
O-O 9. Nf5 d5 10. exd6 Bxf5 11. dxe7 Qxe7 12. Bxc6 bxc6 13. Nd2 Nd6 14. Nb3 Rfe8
15. Bf4 Qf6 16. Qd4 Qg6 17. Rfe1 Bxc2 18. Nc5 a5 19. b3 h5 20. f3 Rad8 21. Qf2
Bf5 22. h4 Be6 23. Bd2 Ra8 24. Re5 Bf5 25. Rae1 Rxe5 26. Rxe5 a4 27. Bc3 axb3
28. Nxb3 Nb5 29. Nd4 Nxd4 30. Qxd4 f6 31. Re7 Rxa2 32. g4 hxg4 33. h5 Qh6 34.
Qc4+ Kh7 35. Qxa2 Qc1+ 36. Kh2 Qxc3 37. Qf7 Qd2+ 38. Kg3 Qd6+ 39. Kf2 Qd2+ 40.
Kg3 Qd6+ 41. Kf2 Qd2+ 42. Kg3 Qd6+ 43. Kf2 1/2-1/2

[Event "Challenge"]
[Site "http://www.queenalice.com/game.php?id=1759406"]
[Date "2021.5.14"]
[Round "-"]
[White "TheWatcher"]
[Black "Marquinhos"]
[Result "0-1"]
[WhiteElo "2225"]
[BlackElo "2545"]

1. e4 e5 2. f4 exf4 3. Nf3 g5 4. Bc4 Bg7 5. d4 d6 6. O-O h6 7. c3 Nc6 8. b4 Nf6
9. Nbd2 O-O 10. Bb2 Ne7 11. h3 d5 12. Bd3 dxe4 13. Nxe4 Nf5 14. Re1 Ne3 15. Qd2
Nxe4 16. Bxe4 Re8 17. Bc2 a5 18. a4 axb4 19. cxb4 Qd5 20. Qc3 Bxh3 21. Bb3 Qf5
22. Bxf7+ Kxf7 23. Qb3+ Kg6 24. Ne5+ Bxe5 25. Rxe3 fxe3 0-1

[Event "Challenge"]
[Site "http://www.queenalice.com/game.php?id=1769827"]
[Date "2021.9.14"]
[Round "-"]
[White "TheWatcher"]
[Black "Marquinhos"]
[Result "1-0"]
[WhiteElo "2138"]
[BlackElo "2547"]

1. e4 e5 2. f4 exf4 3. Nf3 g5 4. h4 g4 5. Ne5 Nf6 6. Bc4 d5 7. exd5 Bd6 8. O-O
Bxe5 9. Re1 Qe7 10. c3 f3 11. Kf1 g3 12. gxf3 Ng4 13. Qa4+ Bd7 14. Bb5 c6 15.
fxg4 1-0